UM Logo
Normal view MARC view
  • Martinez, Esdras T.

Entry Personal Name

Number of records used in: 1

001 - CONTROL NUMBER

  • control field: 42542

003 - CONTROL NUMBER IDENTIFIER

  • control field: OSt

005 - DATE AND TIME OF LATEST TRANSACTION

  • control field: 20201112135110.0

008 - FIXED-LENGTH DATA ELEMENTS

  • fixed length control field: 201112|| aca||aabn | a|a d

040 ## - CATALOGING SOURCE

  • Original cataloging agency: OSt
  • Transcribing agency: OSt

100 ## - HEADING--PERSONAL NAME

  • Personal name: Martinez, Esdras T.

670 ## - SOURCE DATA FOUND

  • Source citation: Work cat.: (OSt): Martinez, Esdras T., Production management/, ©1974.